01284cam a22002773a 4500001000500000005001700005020001600022020001800038040004000056050001400096082001100110100002500121245003400146250004200180260003400222300002300256490002100279500002600300505000700326520058900333521001700922521001700939650000800956650001100964655003100975225420231114081509.0 a0590629786  a9780545291521 aOCOcOCOdECLdOCLdOCLCQdDLCbeng00aPZ7.A6484 a813.541 aApplegate, Katherine14aThe visitor /cK.A. Applegate aThis edition first printing, May 2011 aNew York :bScholastic,c1996 a175 pages :c19 cm1 aAnimorphs ;v#02 a"An Apple paperback." aK  aRachel is still reeling from the news that the Earth is secretly under attack by parasitic aliens known as the Yeerks. And that she and her friends-five kids who, purely by chance, stumbled onto a downed spacecraft and were given the power to morph into any animal they touch-are the planet's only defense. But Rachel's always been something of a daredevil. So when it's suggested that they infiltrate the home of their assistant principal, Mr. Chapman, who also happens to be a human host of the Yeerks, she volunteers. But what she finds inside may be more than even she can handle. a530 bLexile aK bRaz-Plus acat afeline 7aYoung adult fiction.2lcsh